| 000 | 00693nam a2200205Ia 4500 | ||
|---|---|---|---|
| 001 | 11176 | ||
| 003 | GE_BSU | ||
| 008 | 181216s||||||||xx |||||||||||||| ||und|| | ||
| 040 | _cGE_BSU | ||
| 080 | _a631.6 | ||
| 100 | _aიაშვილი ნ. | ||
| 245 | _aმელიორაცია სოფლის მეურნეობაში I | ||
| 245 | _cრედ. ბ.ხასია მხატვ. გ.ნადირაძე | ||
| 260 | _aთბილისი. | ||
| 260 | _bმეცნიერება. | ||
| 260 | _c1970 | ||
| 300 | _a229გვ.26სმ. | ||
| 653 | _aმელიორაცია სოფლის მეურნეობაში I | ||
| 942 | _cBK | ||
| 999 |
_c44410 _d44410 |
||